000 00294nam a22001337a 4500
008 180315b xxu||||| |||| 00| 0 eng d
020 _a2740167962572
041 _aeng
080 _a330.101.541
100 _a52
101 _aMAK
245 _aMacroeconomics
_cConnell,C.R
942 _2udc
_cBK
999 _c45122
_d45122